MARC

LEADER 00000nam0a2200000 4500
001 363774
005 20231102011625.0
035 |a (RuTPU)RU\TPU\retro\21121 
090 |a 363774 
100 |a 20211011d1981 m y0rusy50 ca 
101 0 |a rus 
102 |a RU 
105 |a a j 001zy 
200 1 |a Горные и землеройные машины  |e учебник для техникумов  |f А. П. Тихомиров, В. И. Зуев 
210 |a Москва  |c Недра  |d 1981 
215 |a 304 с.  |c ил. 
320 |a Библиогр.: с.299 
606 1 |a Горные машины  |x Эксплуатация  |2 stltpush  |3 (RuTPU)RU\TPU\subj\7865  |9 35389 
606 1 |a Землеройные машины  |x Эксплуатация  |2 stltpush  |3 (RuTPU)RU\TPU\subj\11703  |9 38614 
610 1 |a учебники 
610 1 |a горное оборудование 
610 1 |a россыпные месторождения 
610 1 |a подземная разработка 
610 1 |a шпуры 
610 1 |a бурение 
610 1 |a транспортные машины 
610 1 |a открытая разработка 
610 1 |a скреперы 
610 1 |a погрузчики 
610 1 |a одноковшовые экскаваторы 
610 1 |a гидромеханизация 
610 1 |a драги 
610 1 |a отвальные работы 
610 1 |a ленточные конвейеры 
610 1 |a техническое обслуживание 
610 1 |a ремонт 
610 1 |a техника безопасности 
610 1 |a гигиена труда 
675 |a 622.002.5.004(075.3)  |v 4 
675 |a 624.132 3(075.3)  |v 4 
700 1 |a Тихомиров  |b А. П.  |g Анатолий Петрович 
701 1 |a Зуев  |b В. И.  |g Владимир Иванович 
801 1 |a RU  |b 63413507  |c 20211011 
942 |c BK